[Event "Samara Polugaevsky Memorial 1st"]
[Site "Samara"]
[Date "2011.07.05"]
[Round "1"]
[White "Neverov, Vladimir"]
[Black "Artamonov, Valery"]
[Result "0-1"]
[WhiteElo "1851"]
[BlackElo "2277"]
[PlyCount "134"]
[EventDate "2011.07.05"]
[EventType "swiss"]
[EventRounds "9"]
[EventCountry "RUS"]
[SourceTitle "CBM 143 Extra"]
[Source "ChessBase"]
[SourceDate "2011.08.29"]
[SourceVersion "1"]
[SourceVersionDate "2011.08.29"]
[SourceQuality "1"]

1. e4 c5 2. Nf3 Nc6 3. Bb5 g6 4. Bxc6 dxc6 5. d3 Bg7 6. Nc3 e5 7. Be3 Qe7 8. Qd2 Bg4 9. h3 Bxf3 10. gxf3 Nf6 11. f4 exf4 12. Bxf4 c4 13. 0-0-0 cxd3 14. Qxd3 Nh5 15. Bd6 Qg5+ 16. Kb1 0-0-0 17. h4 Qg4 18. Qe3 b6 19. Qd3 Kb7 20. Qc4 Rd7 21. Rd3 Rhd8 22. f3 Qe6 23. Qxe6 fxe6 24. e5 Nf4 25. Re3 Nd5 26. Rd3 Nxc3+ 27. bxc3 c5 28. h5 g5 29. h6 Bf8 30. Rh5 Kc6 31. Rxg5 Bxh6 32. Rh5 Bf4 33. Rh4 Rf7 34. c4 Rg8 35. Kb2 Rg5 36. Rh6 Bxe5+ 37. Bxe5 Rxe5 38. f4 Re4 39. Kb3 Rfxf4 40. Rxh7 Rxc4 41. Rxa7 Rb4+ 42. Kc3 Rfc4+ 43. Kd2 Re4 44. a3 Rbd4 45. Kc3 Rxd3+ 46. cxd3 Re1 47. Kc4 Kd6 48. Rg7 Rc1+ 49. Kb3 Rh1 50. Kc4 Kc6 51. Rg6 b5+ 52. Kc3 Kd5 53. Rg5+ e5 54. Rg8 Rh3 55. Rd8+ Kc6 56. Rc8+ Kd6 57. Rd8+ Kc7 58. Re8 c4 59. Rxe5 Rxd3+ 60. Kb4 Kc6 61. Rc5+ Kd6 62. Kxb5 Rd5 63. Rxd5+ Kxd5 64. Kb4 Kd4 65. a4 c3 66. Kb3 Kd3 67. a5 c2 0-1